Cádiz en Lima: de las fiestas absolutistas a las fiestas constitucionalistas en la fundación simbólica de una nueva era

Este trabajo selecciona un corpus de fiestas y ceremonias vinculadas con la cultura política liberal que animaron la vida de los habitantes de Lima en el bienio 1812- 1813, paroxismo del liberalismo gaditano, con el fin de analizar las formas rituales de producción, escenificación y apropiación de n...

Full description

Bibliographic Details
Main Author: Ortemberg, Pablo
Format: Analitica de revista
Language:Spanish
Published: Santiago, Chile: Pontificia Universidad Católica de Chile. Instituto de Historia, 2012.
Subjects:

MARC

LEADER 00000nab a2200000 a 4500
001 034174
003 UAHC_CL
005 20180328135015.0
008 031122s2012 cl f 000 spa
952 |0 0  |1 0  |4 0  |6 HISTORIA_SANTIAGO452_12_000000000000000  |7 0  |8 COMP  |9 65180  |a BC  |b BC  |c Hemeroteca  |d 2017-08-03  |l 0  |o HISTORIA (SANTIAGO)-45(2)/12  |r 2017-08-03 00:00:00  |y REVA 
999 |c 34174  |d 34174 
040 |a UAHC_CL  |c UAHC_CL  |d UAHC_CL 
100 |a Ortemberg, Pablo  |9 2339 
245 1 0 |a Cádiz en Lima:  |b de las fiestas absolutistas a las fiestas constitucionalistas en la fundación simbólica de una nueva era   |c Pablo Ortemberg. 
260 |b Pontificia Universidad Católica de Chile. Instituto de Historia,  |c 2012.  |a Santiago, Chile: 
300 |a p. 455-483 
500 |a En: Historia, no. 45, vol 2. 2012. pp. 455-483. ISSN. 00732435. 
520 |a Este trabajo selecciona un corpus de fiestas y ceremonias vinculadas con la cultura política liberal que animaron la vida de los habitantes de Lima en el bienio 1812- 1813, paroxismo del liberalismo gaditano, con el fin de analizar las formas rituales de producción, escenificación y apropiación de nuevos vocabularios, valores y con- cepciones de autoridad por parte de diversos actores. Se parte de la premisa de que el ritual es el canal privilegiado mediante el cual se pretende legitimar –y por eso resulta un campo de tensiones ideológicas– dicho vocabulario, valores y concepciones. Las fiestas y ceremonias aparecen como dispositivos pedagógicos fomentados principalmente por las elites en los que se combinan recursos tradicionales y novedosos, adquieren en este momento de crisis y reforma de la monarquía nuevos sentidos y pretenden a la vez ser modeladores de la experiencia, identidad y memoria colectivas. También se comprueba que son objeto de apropiaciones e interpretaciones diferenciales por parte de los grupos y personas que participan en ellos de acuerdo a sus anhelos e intereses. 
651 0 |a Lima (Perú)  |9 2340  |x Historia  |y Siglo 19 
651 0 |a Lima (Perú)   |9 2341  |x Vida social y costumbres 
900 |a HISTORIA (SANTIAGO)-45(2)/12 
942 |c REVA